| 000 | 01068nam0a2200301 4500 | ||
|---|---|---|---|
| 001 | RU\NLR\bibl\1213517 | ||
| 005 | 20260405153951.0 | ||
| 021 |
_aRU _b2008-11817 _9648 |
||
| 035 | _a(NLR Aleph) 001199920 | ||
| 090 |
_a1769334 _c1769334 |
||
| 100 | _a20080411d2008 |||y0rusy50 ca | ||
| 101 | 0 |
_arus _achu |
|
| 102 | _aRU | ||
| 105 | _ay ||||||||| | ||
| 200 | 1 | _aЖитие пророка Илии с приложением акафиста, молитв и других необходимых сведений | |
| 210 |
_aМосква _cАртос-Медиа _d2008 |
||
| 215 |
_a31 с. _d20 |
||
| 225 | 1 | _aПомощник и покровитель | |
| 300 | _aЧасть текста на церковнослав. яз. | ||
| 600 | 0 |
_aИлия _cпророк _92514486 _3RU\NLR\auth\661490403 |
|
| 686 | _aЭ372.24-574.8 | ||
| 702 | 0 |
_4570 _7ca _8rus _aИлия _cпророк _947873 _3RU\NLR\AUTH\7764944 |
|
| 801 | 0 |
_aRU _bNLR _c20080411 _gRCR |
|
| 801 | 1 |
_aRU _bNLR _c20080411 |
|
| 942 | _cBOOK | ||
| 980 | _aNB | ||